Verejné dotácie - súkromný zisk privatizácia trenčianskych vodární

Salvato in:
Dettagli Bibliografici
Natura: Libro
Lingua:slovacco
Pubblicazione: Poniky Centrum pre podporu miestneho aktivizmu 2004
Serie:Občan versus korporácie
Soggetti:
Tags: Aggiungi Tag
Nessun Tag, puoi essere il primo ad aggiungerne!!

MARC

LEADER 00000nam$a2200000$$$4500
001 0019656
005 20240108125320.5
020 |a 80-968918-5-5 
041 0 |a slo 
044 |a SK 
245 1 0 |a Verejné dotácie - súkromný zisk  |b privatizácia trenčianskych vodární 
264 1 |a Poniky  |b Centrum pre podporu miestneho aktivizmu  |c 2004 
300 |a 21 s. 
490 1 |a Občan versus korporácie 
830 0 |a Občan versus korporácie 
610 2 0 |a dotácie štátne 
610 2 0 |a zisk 
610 2 0 |a voda 
610 2 0 |a privatizácia 
610 2 0 |a služby 
610 2 0 |a projekty 
610 2 0 |a zmluvy 
610 2 0 |a rozhodovanie 
610 2 0 |a Slovensko